000 01174nam a22002657a 4500
999 _c3059
_d3059
003 AR-CdUCM
008 190305b ||||| |||| 00| 0 spa d
040 _aMUNICIPALIDAD PROVINCIAL DEL CUSCO
_cBIBLIOTECA MUNICIPAL DEL CUSCO
082 _a972.04 /
_bB65
100 _aBlumenfeld, Walter
_910381
245 _aInvestigaciones sobre ciertos rasgos caracterológicos /
260 _aLima :
_bInstituto de Psicopedagogía de la Facultad de Educación,
_c1959.
300 _a52 páginas ;
_bcuadros ;
_c24.5 cm.
500 _aDonación de la familia Nieto.
505 _aContenido: Lagunas notas sobre los métodos caracterológicos -- rasgos generales del "Inventario de la Personalidad" de R.G. Bernreuter -- Significado de los valores extremos de las seis escalas ...
650 _aCaracteres - Educación
_910382
650 _aCaracterísticas - Educación
_910383
650 _aEstudios psicopedagógicos
_910384
650 _aEducación
_9460
650 _aPedagogía
_91560
700 _aTapia Mendieta, María Violeta (Autora)
_910385
710 _aInstituto de Psicopedagogía de la Facultad de Educación
_910386
942 _2ddc
_cLIBROS
945 _alccs